01170nam a2200325 b 4500001001000000003000900010005001700019007001000036008004100046016001300087020001500100035001300115040002500128041001100153080000600164100003300170245020900203250000600412260006900418300002000487490002700507700002800534700003500562830004900597942001200646945002800658952010500686956003800791999001500829 02122303DO-SdBNP20180202154133.0 02122303060801s2004 it | ||| ||spa 7 a 2BPMSU a8888405240 a(OCoLC)  aBPMSUbspacBPMSUe 1 aspah  0a 1 aLandolfi, Tommasod1908-197910aReina de cáncer /h cTommaso Landolfi ; traducción y notas de Alessandro Baldi y Luis Beltrán Almería ; introducción de Silvio Mignano ; edición de Alessandro Baldi y Luis Beltrán Almería a  aMartorano di Cesena [Italia]:bArci Solidarietà Cesenatec2004 a96 p. : c17 cm1 aUn mar de sueñosv171 aBaldi, Alessandroetr. 1 aBeltrán Almería, Luisetr. 3aUn mar de sueños (Martorano di Cesena)v17 2ddccBK aInventariado, 2018 / BT 00102ddc40708CJ-GaBPMETbBPMETd2016-03-28eFUNDIl0pBPMSU16030261r2016-03-28w2016-03-28yBK aVMATEO2103201603286BPMSU80069 c9378d9378